Mundo eléctrico : revista mensual de difusión científica revista mensual de difusión científica
Descripción Física:
3 vols ; il·lustracions b/n ; periodicitat: mensual ; 27 cm
Idioma:
Español
MARC
| LEADER | 00000nas a2200000 a 4500 | ||
|---|---|---|---|
| 001 | 28115 | ||
| 003 | AGDB | ||
| 005 | 20260324180132.0 | ||
| 008 | 160829s9999 xx 000 0 cat d | ||
| 040 | |a agdb |b cat | ||
| 041 | |a spa | ||
| 080 | |a Revistes | ||
| 245 | |a Mundo eléctrico : |b revista mensual de difusión científica | ||
| 246 | |a Mundo eléctrico y producción nacional | ||
| 260 | |a Barcelona : |b [sn.] : |b Imp. La Neotipia ; |c 1914- | ||
| 300 | |a 3 vols ; |b il·lustracions b/n ; periodicitat: mensual ; |c 27 cm | ||
| 362 | |a Año 1, núm. 1 (agosto 1914)- | ||
| 500 | |a Descripció basada en: No. 2 (sept. 1914). | ||
| 500 | |a Prové de 3265. | ||
| 650 | |a Electricitat |x Revistes |9 47449 | ||
| 655 | 0 | |9 55823 |a Revistes | |
| 866 | |a Any 1, 1914 (2, 3) | ||
| 866 | |a any 2, 1915 (10) | ||
| 901 | |a Arxiu | ||
| 942 | |n 1 |2 udc |c REV | ||
| 952 | |0 0 |1 0 |4 0 |6 REV2237 |7 1 |9 53887 |a Arxiu |b Arxiu |d 2023-08-01 |h Núm. 2 (setembre 1914) - Núm. 3 (octubre 1914) ; Núm. 10 (maig 1915) |o Rev-2237 |p 28115 |r 2016-12-01 00:00:00 |w 2016-12-01 |y ARXIU | ||
| 999 | |c 57754 |d 57754 | ||